Szelényi Ödön Genersich János (1761-1823) : egy szepesi pedagógus I. Ferenc korából : [könyvismertetés] /

Elmentve itt :
Bibliográfiai részletek
Szerző: Imre Sándor
További közreműködők: Szelényi Ödön
Genersich János
Dokumentumtípus: Cikk
Megjelent: 1915
Sorozat:Magyar pedagógia : a Magyar Tudományos Akadémia Pedagógiai Bizottságának folyóirata 24
Kulcsszavak:Genersich János, Neveléstörténet Magyarország regionális, Késmárk, Genersich János, Neveléstörténet
Online Access:http://misc.bibl.u-szeged.hu/9486
LEADER 00881nab a2200205 i 4500
001 misc9486
005 20191106143506.0
008 170607s1915 hu o 0|| hun d
022 |a 0025-0260 
040 |a SZTE Miscellanea Repozitórium  |b hun 
041 |a hun 
100 1 |a Imre Sándor 
245 1 0 |a Szelényi Ödön  |h [elektronikus dokumentum] :  |b Genersich János (1761-1823) : egy szepesi pedagógus I. Ferenc korából : [könyvismertetés] /  |c  Imre Sándor 
260 |c 1915 
300 |a 570-571 
490 0 |a Magyar pedagógia : a Magyar Tudományos Akadémia Pedagógiai Bizottságának folyóirata  |v 24 
695 |a Genersich János, Neveléstörténet Magyarország regionális, Késmárk, Genersich János, Neveléstörténet 
700 0 1 |a Szelényi Ödön 
700 0 1 |a Genersich János 
856 4 0 |u http://misc.bibl.u-szeged.hu/9486/1/mp_1915_2250_570-571.pdf  |z Dokumentum-elérés